000 00558nam a22002177a 4500
003 3228
005 20250505110238.0
008 250505b sa ||||| |||| 00| 1 AFR d
020 _a9780799348620
_qpbk
040 _aRDA
_c2000
041 _2A
082 _aAF KEMP
100 _aKemp, Ann Hite
245 _aLize se wilddief /
_cAnn Hite Kemp
260 _aPretoria :
_bRomanza,
_c2020
300 _a205 pages
_c17 cm.
655 0 _9189056
_aAfrikaans Fiction
655 0 _9188216
_aLight Romance
655 0 _9188628
_aFarm Stories
942 _2ddc
_cBK
_w296
_xPhillipina Naude
_y296
_zPhillipina Naude
999 _c775673
_d775672